Современный нидерландский детектив (Запис № 580630)

МАРК-запис
000 -Лідер
fixed length control field 02024 a2200277 4500
001 - Контрольний номер
control field 2162214035926770
003 - Ідентифікатор контрольного номера
control field UA-OsUOA
005 - Дата та час останнього входження (трансакції)
control field 20260504115726.0
008 - Елементи даних фіксованої довжини – загальна інформація
fixed length control field 260430b -ura|||| |||| 00| f rus d
040 ## - Джерело каталогізації
Агенція оригінальної каталогізації UA-OsUOA
Мова каталогізації rus
Агенція, яка здійснювала перезапис UA-OsUOA
Агенція, яка здійснювала модифікацію UA-OsUOA
041 ## - Код мови
Код мови тексту/ звукової доріжки чи окремого заголовка (П) rus
080 ## - Індекс Універсальної десяткової класифікації
Індекс Універсальної десяткової класифікації (УДК) (НП) 821.161.1(492)
090 ## - Локальний шифр розміщення
Класифікаційний індекс УДК 821.161.1(492)
Авторський знак (НП) C56
245 ## - Відомості про назву
Назва (НП) Современный нидерландский детектив
Дані про відповідальність (НП) В. Х. ван Эмланд, Вилли Корсари, А. Лауренс-Кооп ; пер. с нидерл., послесл. С. Белова
Решта назви (НП) сборник
260 ## - Публікація, розповсюдження і т.п. (Вихідні дані)
Місце публікації, розповсюдження і т.п. (П) Москва
Ім’я/ наймення видавництва, розповсюджувача і т.п. (П) Радуга
Дата публікації, розповсюдження і т.п. (П) 1983
300 ## - Фізичний опис
Обсяг 432 с.
520 ## - Резюме і т.п.
Резюме, реферат, анотація, тощо (НП) Популярный жанр детектива давно и успешно разрабатывается в нидерландской литературе. Признанным мастером этого жанра является В. Х. ван Эмландт. В сборник включен его роман "Коварный лед", разоблачается мнимость, обманчевость буржуазной респектабельности. В небольшом романе Вилли Кормари юный герой расследует загадочные обстоятельства гибели своей матери. А. Лауренс-Кооп представляет сегодняшний день нидерландского детектива: ее роман "Главный свидетель - кошка" проблемам современной молодежи.
650 ## - Додаткове предметне введення – тематичний термін
Тематичний термін чи географічна назва, як елемент введення (НП) 821 Художня література окремими мовами і мовними сім'ями
9 (RLIN) 17
700 1# - Додаткове введення – ім'я особи
Ім’я особи (НП) ван Эмланд В. Х.
9 (RLIN) 25151
700 1# - Додаткове введення – ім'я особи
Ім’я особи (НП) Корсари В.
9 (RLIN) 25152
700 1# - Додаткове введення – ім'я особи
Ім’я особи (НП) Лауренс-Кооп А.
9 (RLIN) 25153
700 1# - Додаткове введення – ім'я особи
Ім’я особи (НП) Белов С.
9 (RLIN) 25154
942 ## - Додаткові елементи входу (Коха)
Тип елемента Koha Книги
Source of classification or shelving scheme Universal Decimal Classification
955 ## - Код типу видання за змістом
Код типу видання за змістом (НП) Літературно-художні видання
Фонди
Стан вилучень Стан втрат Джерело класифікації або схеми стелажів Стан уражень Не для кредиту Код колекції Постійне місце розташування Поточне розміщення Дата придбання Вартість, звичайна ціна покупки Інвентарний номер Усього замовленно Повний номер виклику Штрих-код Дата останнього перегляду Вартість, ціна заміни Ціна ефективна від Тип елемента Koha
    Universal Decimal Classification     Колекція Шевчука Валерія АБ - Абонемент НБ АБ - Абонемент НБ 28/04/2026 25.00 169891   821.161.1(492) C56 169891 30/04/2026 25.00 30/04/2026 Книги